| 000 | 00404nam a22001337a 4500 | ||
|---|---|---|---|
| 008 | 240731b |||||||| |||| 00| 0 eng d | ||
| 020 | _a9781284143584 | ||
| 082 |
_24th _a610.73 IWA |
||
| 100 | _aIwasiw, Carroll L. | ||
| 245 | _aCurriculum Development in Nursing Education | ||
| 260 |
_aJones & Bartlett Learning _bJones & Bartlett Learning _c2020 |
||
| 300 |
_axiii, 491p. _c18cm. |
||
| 942 |
_2ddc _e3rd & 4th |
||
| 999 |
_c9934 _d9935 |
||